| 000 | 00452nam a2200157 a 4500 | ||
|---|---|---|---|
| 001 | 000047241 | ||
| 005 | 20201002053457.0 | ||
| 008 | 180425s2017 dr 000 spa d | ||
| 020 | _a9789945194012 | ||
| 040 |
_aDO-SdBNP _bspa _cBNPHU |
||
| 100 | 1 |
_aSáenz, Pablo María _974955 |
|
| 245 | 3 |
_aLa cueva del vidente. / _cPablo María Sáenz. |
|
| 260 |
_aSanto Domingo : _bLoqueleo, _c2017. |
||
| 300 |
_a147 p. ; _c22 cm. |
||
| 590 | _aInventariado,2018/DG | ||
| 999 |
_c46729 _d46729 |
||